| 000 | 01240nam a22003497a 4500 | ||
|---|---|---|---|
| 003 | CHAP | ||
| 005 | 20220329134938.0 | ||
| 008 | 971013s1946 mx r 00010 spa d | ||
| 010 | _a28500 | ||
| 011 | _a29472 | ||
| 035 | _a33583 | ||
| 040 | _cCHAP | ||
| 082 | 0 | 0 |
_a332.11 _bK62 |
| 100 | 0 | 0 |
_aKock, Michel Hendrik de. _963593 |
| 245 | 1 | _aBanca central | |
| 250 | _a2 ed. | ||
| 260 |
_aMéxico, D. F. : _bFondo de Cultura Económica, _c1946 |
||
| 590 |
_aBATCH-UPD _b10 _c20130110 _lUCH01 _h0133 |
||
| 590 |
_aBATCH-UPD _b10 _c20130110 _lUCH01 _h2222 |
||
| 590 |
_aCONVERSION _b10 _c20130109 _lUCH01 _h1316 |
||
| 650 | 1 | 4 |
_aBanca Central. _99796 |
| 901 | _aBK | ||
| 942 | _cLIBRO | ||
| 949 |
_a332.11 K62 _bBC _cBPA _d-150051 _eBPA _fc.6 _h2800 _i33583 _si |
||
| 949 |
_a332.11 K62 _bBC _cBPA _d-150052 _eBPA _fc.7 _h2801 _i33583 _si |
||
| 949 |
_a332.11 K62 _bBC _cBPA _d-150053 _eBPA _fc.8 _h2802 _i33583 _si |
||
| 949 |
_a332.11 K62 _bBC _cBPA _d-78164 _eBPA _fc.3 _i33583 _si |
||
| 949 |
_a332.11 K62 _bBC _cBPA _d-78165 _eBPA _fc.4 _i33583 _si |
||
| 949 |
_a332.11 K62 _bBC _cBPA _d-78166 _eBPA _fc.5 _i33583 _si |
||
| 949 |
_a332.11 K62 _bBC _cLIBRO _d33724000336863 _eLIBRO _fc.2 _h2796 _i33583 _si |
||
| 949 |
_a332.11 K62 _bBC _cLIBRO _d33724000336871 _eLIBRO _h2795 _i33583 _si |
||
| 999 |
_c28500 _d28500 |
||